ბათუმის შოთა რუსთაველის სახელმწიფო უნივერსიტეტის ბიბლიოთეკა

მოტორული და ფსიქოსოციალური განვითარების შეფასება ადრეული ასაკის ბავშვებში რკინადეფიციტური ანემიის დროს : დისერტაცია / (ბიბ.ჩანაწერი № 51757)

000 -ლიდერი
ფიქსირებული სიგრძის საკონტროლო ველი 01708nam a2200241Ia 4500
001 - საკონტროლო ნომერი
საკონტროლო ველი 18749
003 - საკონტროლო ნომრის იდენტიფიკატორი
საკონტროლო ველი GE_BSU
005 - ბოლო ოპერაციის თარიღი და დრო
საკონტროლო ველი 20220919165112.0
008 - ფიქსირებული სიგრძის მონაცემთა ელემენტები - ზოგადი ინფორმაცია
ფიქსირებული სიგრძის საკონტროლო ველი 181216s2013||||ge |||||||||||||| ||geo||
040 ## - კატალოგიზაციის წყარო
Transcribing agency GE_BSU
041 ## - ენის კოდი
Language code of text/sound track or separate title geo
080 ## - უნივერსალური ათობითი კლასიფიკაციის ინდექსი
Universal Decimal Classification number 61 მ-15
100 ## - მთავარი ჩანაწერი - პიროვნების სახელი
Personal name მათიაშვილი, ქეთევან
9 (RLIN) 11598
245 ## - ცნობა სათაურის შესახებ
Title მოტორული და ფსიქოსოციალური განვითარების შეფასება ადრეული ასაკის ბავშვებში რკინადეფიციტური ანემიის დროს : დისერტაცია /
Statement of responsibility, etc ქეთევან მათიაშვილი; სამეცნ. ხელმძღვ. ნინო მანჯავიძე; თბილისის სახელმწიფო სამედიცინო უნივერსიტეტი.
264 ## - წარმოების, გამოცემის, დისტრიბუციის და სხვა ცნობები
გამოცემის, წარმოების, დისტრიბუციის... ადგილი თბილისი,
გამოცემის, წარმოების, დისტრიბუციის... თარიღი 2013.
300 ## - ფიზიკური აღწერა
Extent 119 გვ.;
Other physical details 30 სმ.
653 ## - INDEX TERM--UNCONTROLLED
Uncontrolled term დისერტაცია
653 ## - INDEX TERM--UNCONTROLLED
Uncontrolled term მედიცინა
653 ## - INDEX TERM--UNCONTROLLED
Uncontrolled term მოტორული და ფსიქოსოციალური განვითარების შეფასება ადრეული ასაკის ბავშვებში რკინადეფიციტური ანემიის დროს
700 ## - ADDED ENTRY--PERSONAL NAME
Personal name მანჯავიძე, მაია
Relator term სამეცნიერო ხელმძღვანელი
9 (RLIN) 11599
710 ## - ADDED ENTRY--CORPORATE NAME
Corporate name or jurisdiction name as entry element თბილისის სახელმწიფო სამედიცინო უნივერსიტეტი
9 (RLIN) 11600
942 ## - ADDED ENTRY ELEMENTS (KOHA)
Koha item type წიგნი
Source of classification or shelving scheme
ეგზემპლარები
ჩამოწერის სტატუსი დაკარგული ეგზემპლარის სტატუსი კლასიფიკაციის წყარო ან თაროზე გაწყობის სქემა დაზიანების სტატუსი არ გაიცემა მუდმივი მდებარეობა (დაცვის ადგილი) ამჟამინდელი ადგილსამყოფელი შეძენის თარიღი სრული შენახვის შიფრი შტრიხკოდი ბოლო ოპერაციის თარიღი ეგზემპლარის მიმდევრობითი ნომერი (კეტერი?) ფასის ძალაში შესვლის თარიღი ეგზემპლარის სახეობა
        შიდა ფონდი ბათუმის შოთა რუსთაველის სახელმწიფო უნივერსიტეტის მთავარი ბიბლიოთეკა ბათუმის შოთა რუსთაველის სახელმწიფო უნივერსიტეტის მთავარი ბიბლიოთეკა 2018-12-17 61 მ-15 136 დისერტ. 2018-12-17 136 2018-12-17 დისერტაცია